| 000 | 00825nam a2200229Ia 4500 | ||
|---|---|---|---|
| 001 | L194-1885 | ||
| 003 | IT-CnALBA | ||
| 008 | 170116s9999||||xx |||||||||||||| ||und|| | ||
| 040 |
_aIT-CnALBA _cIT-CnALBA |
||
| 041 | _aITALIANO | ||
| 100 | _aROUSSEAU JEAN-JACQUES | ||
| 245 | 0 | _aEMILIO O DELL'EDUCAZIONE. | |
| 250 | _a1a ed. | ||
| 260 |
_aMILANO _bSONZOGNO EDOARDO, EDITORE. _cn.d. |
||
| 300 | _a402 p. (prefazione: 5) | ||
| 500 | _aTRADUZIONE DI RIBERA A. PREFAZIONE DI CREDARO L. PER ABSTRACT CONFR. DOCUMENTO 1874. | ||
| 501 | _aSocietà San Paolo EM - Piazza San Paolo, 14 - 12051 ALBA (CN) (non commercial uses only) ® Copyright 2017 | ||
| 520 | _aTRADUZIONE DI RIBERA A. PREFAZIONE DI CREDARO L. PER ABSTRACT CONFR. DOCUMENTO 1874. | ||
| 650 | _aFILOSOFIA FRANCESE | ||
| 942 | _cBK | ||
| 957 | _71 | ||
| 999 |
_a2865 _bNO _g Copie: 1 _c261102 _d261102 |
||